000 00465nam a2200157Ia 4500
999 _c5845
_d5845
003 OSt
005 20200120122000.0
008 190216s9999||||xx |||||||||||||| ||und||
040 _coclc
082 _a658
_bARU/B
100 _aArunachalam, P
_91336
245 0 _aBusiness Organisation And Management .
_cP Arunachalam
260 _bHimalaya Publishing House,
_c1995.
_aNew Delhi:
300 _a322p
942 _cBK
_2ddc
_h658
_iARU/B
_k658
_mARU/B